| 000 | 00359nam a22001457a 4500 | ||
|---|---|---|---|
| 005 | 20251007124121.0 | ||
| 008 | 250929b |||||||| |||| 00| 0 eng d | ||
| 020 | _a978-93-48189-25-7 | ||
| 041 | _aeng | ||
| 100 |
_aCHATURVEDI, PHANEENDRA NATH _98706 |
||
| 245 | _aBHARAT KE GAURAV | ||
| 260 |
_aUTTAR PRADESH _bAKSHAR PLANT |
||
| 300 | _a48;P | ||
| 942 | _cBK | ||
| 999 |
_c8852 _d8850 |
||